| 000 | 01010nam a2200277 c 4500 | ||
|---|---|---|---|
| 003 | BLK | ||
| 005 | 20241105005514.0 | ||
| 008 | 180407b bul|||||r ||||||| ||bul|| | ||
| 010 | _aKNG00034618000 | ||
| 020 |
_a954-411-068-2 _bиздат.: Факел |
||
| 040 | _aBLK | ||
| 041 |
_aBUL _cBUL |
||
| 080 |
_aБългарска литература _b821.163.2 _x-2 _z821.163.2-2 |
||
| 100 |
_aДимитрова, Блага Николова _d1922 - 2003 _gПисателка, поетеса, драматург, публицист, преводачка _9363629 |
||
| 139 |
_aДимитрова, Блага Николова _bД 59 |
||
| 245 | 1 | 0 |
_aЩе идвам в съня ти _bПиеса _cБлага Николова Димитрова. |
| 260 |
_аСофия _bФакел _c2000 |
||
| 300 |
_a104 с. _c20 см |
||
| 380 | _aX | ||
| 852 | _aЦб 206844 | ||
| 856 | 4 |
_qpdf _u |
|
| 856 | 4 |
_qpdf _u |
|
| 942 |
_cKNG _n0 _02 |
||
| 944 |
_aCR _c15.01.2003 _k _lCRON CRON |
||
| 944 |
_aED _c15.01.2003 _k |
||
| 999 |
_c31950 _d31950 |
||